000 01117nam a2200289Ia 4500
003 OSt
005 20221005110556.0
006 a|||||r|||| 00| 0
007 ta
008 221004b |||||||| |||| 00| 0 hin d
020 _a9788126315178 (pbk)
_cINR 200.00
024 _a37461
037 _bBW/1689, 15/03/2018, Bookwell
_cTextual
040 _aCRL
_cCRL
_bhin
041 _2hin
_ahin
082 _aO152,8N52x, Q5
100 _aचतुर्वेदी, ज्ञान, ले.
245 0 _aजो घर फूॅंके
246 _aJo ghar fūॅanke
260 _aनई दिल्ली
_bभारतीय ज्ञानपीठ भारत
_c2015
300 _a282पृ0
_ccm.
490 _aलोकोदय ग्रन्थमाला; ग्रन्थांक 824
650 _a हिन्दी साहित्य
650 _aहिन्दी हास्य व्यग्ंय
942 _hO152,8N52x, Q5
_cTEXL
_2cc
999 _c1019261
_d1019261